Russische Bibliothek , zur Kenntniß des gegenwärtigen Zustandes der Literatur und Rußland (Запись № 2893871)

Подробности
000 -МАРКЕР
контрольное поле 00960nas1a22002291i 4500
001 - ИДЕНТИФИКАТОР ЗАПИСИ
контрольное поле RU\NLR\INFOCOMM_14\5000036369
005 - ИДЕНТИФИКАТОР ВЕРСИИ
контрольное поле 20240726070837.0
035 ## - ДРУГИЕ СИСТЕМНЫЕ НОМЕРА
Идентификатор записи (NLR Aleph) 003737887
100 ## - ДАННЫЕ ОБЩЕЙ ОБРАБОТКИ
Данные общей обработки 20060405c1772 |||y0rusy50 ba
101 0# - ЯЗЫК РЕСУРСА
Язык текста, звукозаписи и т.д. немецкий
102 ## - СТРАНА ПУБЛИКАЦИИ ИЛИ ПРОИЗВОДСТВА
Страна публикации российская федерация
110 ## - ПОЛЕ КОДИРОВАННЫХ ДАННЫХ: ПРОДОЛЖАЮЩИЕСЯ РЕСУРСЫ
Кодированные данные продолжающегося ресурса zyuz|||0|y|
200 1# - ЗАГЛАВИЕ И СВЕДЕНИЯ ОБ ОТВЕТСТВЕННОСТИ
Основное заглавие Russische Bibliothek , zur Kenntniß des gegenwärtigen Zustandes der Literatur und Rußland
Первые сведения об ответственности Herausgegeben von Hartw. Ludw. Christi. Bacmeister, ... Mitgliede der Königlichen Deutschen Gesellschaft in Göttingen
210 ## - ПУБЛИКАЦИЯ, РАСПРОСТРАНЕНИЕ И ДР.
Место издания, распространения и т.д. St. Petersburg ect.
Имя издателя, распространителя и т. д. Johann Friedrich Hartknoch
Дата издания, распространения и т.д. 1772-1787
300 ## - ОБЩИЕ ПРИМЕЧАНИЯ
Текст примечания Перечень имеющихся в библиотеке томов, номеров, годов этого издания см. в иностранном книжном каталоге
801 #1 - ИСТОЧНИК ЗАПИСИ
Страна российская федерация
Организация InfoComm
Дата составления 20060405
801 #0 - ИСТОЧНИК ЗАПИСИ
Страна российская федерация
Организация NLR
Правила каталогизации PSBO
852 ## - МЕСТОНАХОЖДЕНИЕ И ШИФР ХРАНЕНИЯ
Идентификатор организации NLR
Наименование фонда или коллекции (Sub-Location Identifier) б/ш
942 ## - ДОПОЛНИТЕЛЬНЫЕ ЭЛЕМЕНТЫ ЗАПИСИ (АБИС)
Тип экземпляра АБИС Продолжающееся издание
980 ## - КОЛЛЕКЦИЯ
Название коллекции Иностранная периодика

Нет доступных экземпляров.